000 00608nam a2200229Ia 4500
003 OSt
005 20220918205411.0
006 a|||||r|||| 00| 0
007 ta
008 220917b |||||||| |||| 00| 0 eng d
024 _a116,412
037 _cTextual
040 _aARTS
_cARTS
_beng
041 _2eng
_aeng
082 _aV5922:25wM82, K4
100 _aStankov Z
_9114990
245 0 _aLeipzig fire trial
_b speeches letters documents tr by Mircho Stankov
260 _c1964
650 _aHISTORY
942 _hV5922:25wM82, K4
_cTEXL
_2CC
999 _c239739
_d239739